PHILOSOPHY OF MATHEMATICS : classic and contemporary studies.

The philosophy of mathematics is an exciting subject. Philosophy of Mathematics: Classic and Contemporary Studies explores the foundations of mathematical thought. The aim of this book is to encourage young mathematicians to think about the philosophical issues behind fundamental concepts and about...

Full description

Bibliographic Details
Main Author: Çevik, Ahmet
Corporate Author: Taylor & Francis
Format: eBook
Language:English
Published: [S.l.] : CHAPMAN and HALL CRC, 2021.
Subjects:
Online Access:Connect to the full text of this electronic book

MARC

Tag First Indicator Second Indicator Subfields
LEADER 00000cam a2200000M 4500
001 in00004581513
006 m o d
007 cr |n|||||||||
008 210921s2021 xx o 0|| 0 eng d
005 20220613175919.1
035 |a (FlBoTFG)9781003223191 
040 |a OCoLC-P  |b eng  |c OCoLC-P 
020 |a 9781000468816  |q (electronic bk.) 
020 |a 100046881X  |q (electronic bk.) 
020 |a 9781003223191  |q (electronic bk.) 
020 |a 1003223192  |q (electronic bk.) 
020 |a 9781000468809  |q (electronic bk. : PDF) 
020 |a 1000468801  |q (electronic bk. : PDF) 
020 |z 1032121289 
020 |z 9781032121284 
035 |a (OCoLC)1268515994 
035 |a (OCoLC-P)1268515994 
050 4 |a QA8.4 
072 7 |a MAT  |x 015000  |2 bisacsh 
072 7 |a MAT  |x 030000  |2 bisacsh 
072 7 |a PBB  |2 bicssc 
082 0 4 |a 510.1  |2 23 
100 1 |a Çevik, Ahmet. 
245 1 0 |a PHILOSOPHY OF MATHEMATICS :  |b classic and contemporary studies. 
260 |a [S.l.] :  |b CHAPMAN and HALL CRC,  |c 2021. 
300 |a 1 online resource 
336 |a text  |b txt  |2 rdacontent 
337 |a computer  |b c  |2 rdamedia 
338 |a online resource  |b cr  |2 rdacarrier 
520 |a The philosophy of mathematics is an exciting subject. Philosophy of Mathematics: Classic and Contemporary Studies explores the foundations of mathematical thought. The aim of this book is to encourage young mathematicians to think about the philosophical issues behind fundamental concepts and about different views on mathematical objects and mathematical knowledge. With this new approach, the author rekindles an interest in philosophical subjects surrounding the foundations of mathematics. He offers the mathematical motivations behind the topics under debate. He introduces various philosophical positions ranging from the classic views to more contemporary ones, including subjects which are more engaged with mathematical logic. Most books on philosophy of mathematics have little to no focus on the effects of philosophical views on mathematical practice, and no concern on giving crucial mathematical results and their philosophical relevance, consequences, reasons, et cetera This book fills this gap. The book can be used as a textbook for a one-semester or even one-year course on philosophy of mathematics. "Other textbooks on the philosophy of mathematics are aimed at philosophers. This book is aimed at mathematicians. Since the author is a mathematician, it is a valuable addition to the literature." - Mark Balaguer, California State University, Los Angeles "There are not many such texts available for mathematics students. I applaud efforts to foster the dialogue between mathematics and philosophy." - Michele Friend, George Washington University and CNRS, Lille, France 
588 |a OCLC-licensed vendor bibliographic record. 
650 0 |a Mathematics  |x Philosophy. 
650 7 |a MATHEMATICS / History & Philosophy  |2 bisacsh 
650 7 |a MATHEMATICS / Study & Teaching  |2 bisacsh 
655 7 |a Electronic books.  |2 local 
710 1 |a Taylor & Francis. 
730 0 |a MATHnetBASE. 
856 4 0 |u http://proxy.library.tamu.edu/login?url=https://www.taylorfrancis.com/books/9781003223191  |z Connect to the full text of this electronic book  |t 0 
999 f f |s b8e486eb-3ad8-4b2a-9c98-7dbe4e7b6691  |i b8e486eb-3ad8-4b2a-9c98-7dbe4e7b6691  |t 0 
952 f f |a Texas A&M University  |b College Station  |c Electronic Resources  |d Available Online  |t 0  |e QA8.4   |h Library of Congress classification 
998 f f |a QA8.4   |t 0  |l Available Online